000 01340nam a2200301 a 4500
001 000010826
003 DO-SdBNP
005 20260206121953.0
008 091012s2009 dr r 001 0 spa d
020 _a9789945020809
040 _aDO-SdBNP
_bspa
_cBNPHU
082 4 _a864.42
_bB517u
_222
100 1 _aBernaldo de Quirós Pérez, Constancio,
_d1873-1959
_914443
245 1 0 _aUna pluma en el exilio :
_blos artículos publicados por Constancio Bernaldo de Quirós en República Dominicana /
_ccompilador Constancio Cassá Bernaldo de Quirós; edición Lillibel Noemí Blanco Fernández.
260 _aSanto Domingo :
_bArchivo General de la Nación,
_c2009.
300 _a448 p. :
_bil. ;
_c23 cm.
490 1 _aArchivo General de la Nación
_v89
500 _aIncluye datos biográficos del compilador en la solapa de la contracubierta.
590 _aInventariado, 2018/BT
650 4 _aEnsayos españoles
_93095
650 7 _aDerecho penal
_917405
_vEnsayos, conferencias, etc.
_2LIBRUNAM
650 7 _aCriminología
_917089
_vEnsayos, conferencias, etc.
_2LIBRUNAM
700 1 _aCassá Bernaldo de Quirós, Constancio,
_d1953-,
_ecomp.
_95204
700 1 _aBlanco Fernández, Lillibel Noemí,
_eed.
_926150
830 0 _aArchivo General de la Nación
_n89
_926151
910 _aValidado. Control de calidad. EMS
942 _2ddc
_cLBS1
999 _c10575
_d10575